Tujuh cerita rakyat Jepun

Bibliographic Details
Main Author: Tanizaki, Junichiro
Other Authors: Ismail Ahmad
Format: Book
Published: Kuala Lumpur : Yayasan Penataraan Ilmu , 1989
Subjects:

MARC

LEADER 00000cam a2200000 7i4500
001 0000007091
005 20050505.0
040 |a INS 
090 0 0 |a PL5196.E5   |b T3654 1989 
100 1 |a Tanizaki, Junichiro 
245 1 0 |a Tujuh cerita rakyat Jepun   |c Junichiro Tanizaki 
260 |a Kuala Lumpur :   |b Yayasan Penataraan Ilmu ,   |c 1989 
300 |a 282 ms ;   |c 19 cm. 
650 0 0 |a Japanes fiction   |x Translation into Malay 
700 0 |a Ismail Ahmad 
999 |a 0000007740   |b BOOK   |c Open Shelf   |e Default branch